El contrato de seguro a diez años de la vigencia del Código Civil y Comercial / (Registro nro. 6351)
[ vista simple ]
| 000 -LEADER | |
|---|---|
| fixed length control field | 01551nab a22002537a 4500 |
| 003 - CONTROL NUMBER IDENTIFIER | |
| control field | OSt |
| 005 - DATE AND TIME OF LATEST TRANSACTION | |
| control field | 20260131192356.0 |
| 008 - FIXED-LENGTH DATA ELEMENTS--GENERAL INFORMATION | |
| fixed length control field | 190603e xxum|||| |||| 00| 0 spa d |
| 040 ## - CATALOGING SOURCE | |
| Transcribing agency | PJ |
| 100 ## - MAIN ENTRY--PERSONAL NAME | |
| 9 (RLIN) | 7007 |
| Personal name | Compiani, María Fabiana |
| 245 13 - TITLE STATEMENT | |
| Title | El contrato de seguro a diez años de la vigencia del Código Civil y Comercial / |
| Statement of responsibility, etc | María Fabiana Compiani. |
| 260 ## - PUBLICATION, DISTRIBUTION, ETC. (IMPRINT) | |
| Date of publication, distribution, etc | Ciudad Autónoma de Buenos Aires : |
| Place of publication, distribution, etc | Thomson Reuters La Ley, |
| Name of publisher, distributor, etc | 2025. |
| 300 ## - PHYSICAL DESCRIPTION | |
| Extent | p. 49-56 |
| 500 ## - GENERAL NOTE | |
| General note | Cita: TR LALEY AR/DOC/2869/2025 <br/>Publicado en: RCCyC 2025 (Diciembre). |
| 505 ## - FORMATTED CONTENTS NOTE | |
| Formatted contents note | Sumario: I. Los pronósticos acerca de la armonización de las normativas que concurren a regular el contrato de seguro.— II. El estado de la cuestión desde la vigencia del Cód. Civ. y Com. El diálogo de fuentes y el resultado tangible de la imprevisibilidad reinante.— III. La cuestión de la prescripción y de la suspensión de cobertura por falta de pago.— IV. Las perspectivas: ¿la modificación total o parcial de la Ley de Contrato de Seguro corrige los problemas?— V. Colofón. |
| 505 ## - FORMATTED CONTENTS NOTE | |
| Title | ¿Te interesa el texto completo? Solicitalo al correo: koha@justierradelfuego.gov.ar |
| 650 #0 - SUBJECT ADDED ENTRY--TOPICAL TERM | |
| 9 (RLIN) | 1497 |
| Topical term or geographic name as entry element | CODIGO CIVIL Y COMERCIAL |
| 650 #0 - SUBJECT ADDED ENTRY--TOPICAL TERM | |
| 9 (RLIN) | 1921 |
| Topical term or geographic name as entry element | SEGUROS |
| 650 #0 - SUBJECT ADDED ENTRY--TOPICAL TERM | |
| 9 (RLIN) | 5417 |
| Topical term or geographic name as entry element | CONTRATOS DE CONSUMO |
| 650 #0 - SUBJECT ADDED ENTRY--TOPICAL TERM | |
| 9 (RLIN) | 2600 |
| Topical term or geographic name as entry element | LEY DE DEFENSA DEL CONSUMIDOR |
| 650 #0 - SUBJECT ADDED ENTRY--TOPICAL TERM | |
| 9 (RLIN) | 2608 |
| Topical term or geographic name as entry element | DERECHOS DEL CONSUMIDOR |
| 773 0# - HOST ITEM ENTRY | |
| Host Biblionumber | 2713 |
| Host Itemnumber | 3170 |
| Place, publisher, and date of publication | Ciudad Autónoma de Buenos Aires : Thomson Reuters La Ley, 2015- |
| Title | Revista Código Civil y Comercial. Nº 6 - Diciembre 2025 |
| 942 ## - ADDED ENTRY ELEMENTS (KOHA) | |
| Source of classification or shelving scheme | |
| Koha item type | Analítica Artículo de Revista |
No hay ítems disponibles.
